Colombia, diversa por sus imágenes (Registro nro. 6389)

Detalles MARC
000 -CABECERA
Campo de control 01003nam a2200229 a 4500
005 - FECHA Y HORA DE LA ULTIMA TRANSACCION
Campo de control 20180803165351.0
008 - ELEMENTOS DE LONGITUD FIJA—INFORMACION GENERAL
Campo de control 140129b2006 ck ||||| |||| 00| 0 spa d
041 ## - IDIOMA
Código de idioma para texto/pista de sonido o título separado Español
044 ## - PAÍS DE PUBLICACIÓN
País de publicación Colombia
090 ## - CLASIFICACIÓN LOCAL
Colección IAVH
Consecutivo 00976
245 ## - MENCION DE TITULO
Título Colombia, diversa por sus imágenes
260 ## - PUBLICACION, DISTRIBUCION, ETC. (PIE DE IMPRENTA)
Lugar de publicación, distribución, etc. Bogotá
Nombre del editor, distribuidor, etc. Instituto Alexander von Humboldt
Fecha de publicación, distribución, etc. 2006
300 ## - DESCRIPCION FISICA
Extensión Plegable
520 ## - NOTA DE RESUMEN, ETC.
Nota de resumen Durante 2006, la Unidad de Producción Audiovisual diseñó y programó un catálogo virtual para consulta (CD) con 5.000 fotografías. Esta herramienta no solo permite un recorrido visual por diferentes paisajes y escenarios de la geografía colombiana, sino , además, descurbir importantes elementos de la biodiversidd (flora y fauna) que están asociado con los principales ecosistemas de nuestro país
650 ## - ASIENTO SECUNDARIO DE MATERIA - TERMINO TEMATICO
Término temático o nombre geográfico como elemento de entrada Catálogo
650 ## - ASIENTO SECUNDARIO DE MATERIA - TERMINO TEMATICO
Término temático o nombre geográfico como elemento de entrada Imágenes
650 ## - ASIENTO SECUNDARIO DE MATERIA - TERMINO TEMATICO
Término temático o nombre geográfico como elemento de entrada Fauna
650 ## - ASIENTO SECUNDARIO DE MATERIA - TERMINO TEMATICO
Término temático o nombre geográfico como elemento de entrada Ecosistemas
650 ## - ASIENTO SECUNDARIO DE MATERIA - TERMINO TEMATICO
Término temático o nombre geográfico como elemento de entrada Unidad de Producción Audiovisual
942 ## - ELEMENTOS ADICIONALES (KOHA)
Tipo de ítem CD-ROM
Sistema de clasificación Local
945 ## - PROCESAMIENTO LOCAL
AAAA-MM-DD - Fecha de ingreso o modificacion 2008-07-14
Existencias
Withdrawn status Lost status Sistema de Clasificación Damaged status No para préstamo Colección Ubicación Permanente Ubicación actual Fecha de adquisición Total Checkouts Número topográfico Inventario / Código de Barras Date last seen Ejemplar Price effective from Forma de adquisición Tipo de material
    Local     Humboldt Bogotá Bogotá 14/07/2008   FH-0022 026126 04/12/2012 Ej. 1 04/12/2012   Folleto
    Local     Humboldt Bogotá Bogotá 29/05/2014   FH-0022 029310 29/05/2014 Ej.2 29/05/2014   Folleto
    Local     Humboldt Bogotá Bogotá 29/05/2014   FH-0022 029311 29/05/2014 Ej.3 29/05/2014   Folleto
    Dewey Decimal Classification     Humboldt Bogotá Bogotá 16/12/2019   FH-0022 043892 16/12/2019 Ej.4 16/12/2019 Institucional Folleto
    Dewey Decimal Classification     Humboldt Bogotá Bogotá 31/01/2020   FH-0022 044153 31/01/2020 Ej. 5 31/01/2020 Institucional Folleto